000 00887nam a2200253Ia 4500
003 OSt
005 20220923220029.0
006 a|||||r|||| 00| 0
007 ta
008 220922b |||||||| |||| 00| 0 hin d
024 _a183,671
037 _cTextual
040 _aARTS
_cARTS
_bhin
041 _2hin
_ahin
082 _aO152,1N2:g, L9
100 _aगुप्त, कृष्णचन्द्
_9156365
245 0 _aछायावादी कवियोें का काव्यादर्श
246 _aChhāyāvādī kaviyoean kā kāvyādarsha
260 _aमेरठ
_b अनुराधा प्रकाशन
_c1979
300 _a327 पृ.
_ccm.
650 _aहिन्दी साहित्य
_9156264
942 _hO152,1N2:g, L9
_cTEXL
_2CC
999 _c336991
_d336991